Textbook of environmental studies for undergraduate courses (Record no. 14784)
[ view plain ]
| 000 -LEADER | |
|---|---|
| fixed length control field | 00341nam a22001337a 4500 |
| 020 ## - INTERNATIONAL STANDARD BOOK NUMBER | |
| ISBN | 9788173718625 |
| 082 ## - DEWEY DECIMAL CLASSIFICATION NUMBER | |
| Classification number | 628.5 |
| Item number | BHA/TE |
| 100 ## - MAIN ENTRY--AUTHOR NAME | |
| Personal name | Bharucha, Erach |
| 245 ## - TITLE STATEMENT | |
| Title | Textbook of environmental studies for undergraduate courses |
| 250 ## - EDITION STATEMENT | |
| Edition statement | 2nd |
| 260 ## - PUBLICATION, DISTRIBUTION, ETC. (IMPRINT) | |
| Place of publication | Hyderabad |
| Name of publisher | Universities Press |
| Year of publication | 2013 |
| 300 ## - PHYSICAL DESCRIPTION | |
| Number of Pages | 306p |
| 942 ## - ADDED ENTRY ELEMENTS (KOHA) | |
| Koha item type | Books |
| Withdrawn status | Lost status | Damaged status | Collection code | Home library | Current library | Shelving location | Date acquired | Cost, normal purchase price | Full call number | Accession Number | Koha item type | Source of acquisition |
|---|---|---|---|---|---|---|---|---|---|---|---|---|
| KAUAET | KAUAET | General Stacks | 18/01/2017 | 250.00 | 628.5 BHA/TE | 25086 | Books | |||||
| KAUAET | KAUAET | General Stacks | 18/01/2017 | 250.00 | 628.5 BHA/TE | 25087 | Books | |||||
| KAUAET | KAUAET | General Stacks | 18/01/2017 | 250.00 | 628.5 BHA/TE | 25088 | Books | |||||
| KAUAET | KAUAET | General Stacks | 18/01/2017 | 250.00 | 628.5 BHA/TE | 25089 | Books | |||||
| KAUAET | KAUAET | General Stacks | 18/01/2017 | 250.00 | 628.5 BHA/TE | 25090 | Books | |||||
| KAUAET | KAUAET | General Stacks | 18/01/2017 | 250.00 | 628.5 BHA/TE | 25091 | Books | |||||
| KAUAET | KAUAET | General Stacks | 18/01/2017 | 250.00 | 628.5 BHA/TE | 25092 | Books | |||||
| KAUAET | KAUAET | General Stacks | 18/01/2017 | 250.00 | 628.5 BHA/TE | 25093 | Books | |||||
| KAUAET | KAUAET | General Stacks | 18/01/2017 | 250.00 | 628.5 BHA/TE | 25094 | Books | |||||
| KAUAET | KAUAET | General Stacks | 18/01/2017 | 250.00 | 628.5 BHA/TE | 25095 | Books | |||||
| KAUAET | KAUAET | General Stacks | 18/01/2017 | 250.00 | 628.5 BHA/TE | 25096 | Books | |||||
| KAUAET | KAUAET | General Stacks | 18/01/2017 | 250.00 | 628.5 BHA/TE | 25097 | Books | |||||
| KAUAET | KAUAET | General Stacks | 18/01/2017 | 250.00 | 628.5 BHA/TE | 25098 | Books | |||||
| KAUAET | KAUAET | General Stacks | 18/01/2017 | 250.00 | 628.5 BHA/TE | 25099 | Books | |||||
| KAUAET | KAUAET | General Stacks | 18/01/2017 | 250.00 | 628.5 BHA/TE | 25100 | Books | |||||
| KAUAET | KAUAET | General Stacks | 18/01/2017 | 250.00 | 628.5 BHA/TE | 25101 | Books | |||||
| KAUAET | KAUAET | General Stacks | 18/01/2017 | 250.00 | 628.5 BHA/TE | 25102 | Books | |||||
| KAUAET | KAUAET | General Stacks | 18/01/2017 | 250.00 | 628.5 BHA/TE | 25103 | Books | |||||
| KAUAET | KAUAET | General Stacks | 18/01/2017 | 250.00 | 628.5 BHA/TE | 25104 | Books | |||||
| KAUAET | KAUAET | General Stacks | 18/01/2017 | 250.00 | 628.5 BHA/TE | 25105 | Books | |||||
| KAUAET | KAUAET | General Stacks | 18/01/2017 | 250.00 | 628.5 BHA/TE | 25106 | Books | |||||
| KAUAET | KAUAET | General Stacks | 18/01/2017 | 250.00 | 628.5 BHA/TE | 25107 | Books | |||||
| KAUAET | KAUAET | General Stacks | 18/01/2017 | 250.00 | 628.5 BHA/TE | 25108 | Books | |||||
| KAUAET | KAUAET | General Stacks | 18/01/2017 | 250.00 | 628.5 BHA/TE | 25109 | Books | |||||
| KAUAET | KAUAET | General Stacks | 18/01/2017 | 250.00 | 628.5 BHA/TE | 25110 | Books | |||||
| KAUAET | KAUAET | General Stacks | 18/01/2017 | 250.00 | 628.5 BHA/TE | 25111 | Books | |||||
| KAUAET | KAUAET | General Stacks | 18/01/2017 | 250.00 | 628.5 BHA/TE | 25112 | Books | |||||
| KAUAET | KAUAET | General Stacks | 18/01/2017 | 250.00 | 628.5 BHA/TE | 25113 | Books | |||||
| KAUAET | KAUAET | General Stacks | 18/01/2017 | 250.00 | 628.5 BHA/TE | 25114 | Books | |||||
| KAUAET | KAUAET | General Stacks | 18/01/2017 | 250.00 | 628.5 BHA/TE | 25115 | Books | |||||
| KAUAET | KAUAET | Scheme | 24/03/2017 | 250.00 | 628.5 BHA/TE | BB 448 | Book Bank scheme for SC students | |||||
| KAUAET | KAUAET | Scheme | 24/03/2017 | 250.00 | 628.5 BHA/TE | BB 449 | Book Bank scheme for SC students | |||||
| KAUAET | KAUAET | General Stacks | 24/03/2017 | 250.00 | 628.5 BHA/TE | 25166 | Books | Penta Book Distributors | ||||
| KAUAET | KAUAET | General Stacks | 24/03/2017 | 250.00 | 628.5 BHA/TE | 25167 | Books | Penta Book Distributors | ||||
| KAUAET | KAUAET | General Stacks | 24/03/2017 | 250.00 | 628.5 BHA/TE | 25168 | Books | Penta Book Distributors | ||||
| KAUAET | KAUAET | General Stacks | 24/03/2017 | 250.00 | 628.5 BHA/TE | 25169 | Books | Penta Book Distributors | ||||
| KAUAET | KAUAET | General Stacks | 24/03/2017 | 250.00 | 628.5 BHA/TE | 25170 | Books | Penta Book Distributors | ||||
| KAUAET | KAUAET | General Stacks | 24/03/2017 | 250.00 | 628.5 BHA/TE | 25171 | Books | Penta Book Distributors | ||||
| KAUAET | KAUAET | General Stacks | 24/03/2017 | 250.00 | 628.5 BHA/TE | 25172 | Books | Penta Book Distributors | ||||
| KAUAET | KAUAET | General Stacks | 24/03/2017 | 250.00 | 628.5 BHA/TE | 25173 | Books | Penta Book Distributors | ||||
| KAUAET | KAUAET | General Stacks | 24/03/2017 | 250.00 | 628.5 BHA/TE | 25174 | Books | Penta Book Distributors | ||||
| KAUAET | KAUAET | General Stacks | 24/03/2017 | 250.00 | 628.5 BHA/TE | 25175 | Books | Penta Book Distributors |
